Fini les paroles : Aya Nakamura - Statistiques

Statistiques générales
  • Ce quiz a été pris 154 fois
  • Le résultat moyen est 10 sur 30
Statistiques - réponses
Chansons Nombre de mots manquants Paroles Réponse % Correct
Djadja 2 J'suis pas ta catin, Djadja, genre, en catchana baby, tu dead ça Tu penses à moi, j'pense à faire de l'argent J'suis pas ta daronne, j'te ferai pas... La morale
97%
Pookie 2 Pour des pipelettes, ça va claquer, crac Pour les bons bails, ça va grave quer-cra J'crois qu'c'est l'heure... Ding dong
64%
40% 3 Tu kiffes mes timiniks Il m'a dit "baby mama, pardon" Fais doucement, j'... Pète les plombs
62%
Comportement 1 Mes mimiques et mes manies
Mais pourquoi te fâcher?
Trop parler peut...
Tuer
58%
Brisé 2 Tes "bébé ne t'en va pas" Mais nous deux c'est finit Tes "je t'aime" sont... Tous pareils
50%
La dot 1 T'as tapé dans le mille de mon cœur J'veux finir la vida avec toi Suis-moi, tu verras, ça d'viendra... Illégal
46%
Copines 1 J't'ai barré, mais t'en veux encoreToi tu crois viser dans le mille Faudra t'trouver un... Alibi
45%
Doggy 3 Quand je m'y prends comme ça J'ai pas d'ennemis moi, c'est eux qui m'aiment pas Un tas d'ennemis mais j'les... Connais même pas
45%
Baby 1 Tes manières qui m'ont mélangées Y a comme un truc qui me dérange De tout ça, j'ai pas l'... Habitude
41%
Soirée parisienne 5 Se retournent tous pour me voir et m'ont tous validé, yeah Mister DJ fais péter le son Pour mes girls, mes homies... Sur la piste de danse
39%
Hypé 3 Telle une sirène, tous les bougs, je racollais Il a la dick facile, j'suis une hit machine Pas une fille facile, j'me donne... Dix sur dix
37%
Doudou 1 À présent, j'coûte cher, dis-moi quel est mon bénef'
En moi, tu pourrais voir nos projets d'avenir
Mais nous brûler les ailes, il faudrait...
Eviter
36%
Jolie nana 2 J'suis pas dans les délires de vices Si tu penses assurer, c'est bon (c'est bon) Tu peux déposer ton CV... Par mail
35%
Dégaine 1 Tu m'vas, c'est bien mais sans pressionOuais, j'avoue, là j'ressens la tension À ton p'tit cœur, j'ai capté, j'ai mis l'... Feu
34%
Fly 3 Mon amour, j'le sens, tu peux pas me l'enlever J'repense et j'ressasse, c'est toujours pareil Plus le temps passe et tu fais... Danser mon cœur
31%
Oula 1 Laisse-moi m'envoler Laisse-moi m'en aller, yeah, yeah, yeah C'est dans tes bras que tout est... Magique
30%
Baddies 3 Des attitudes de baddies (des attitudes de baddies, ah-ah)Ça te dérange? Tu m'as pas dit (ça te dérange? Tu m'as pas dit, ah-ah)
Je le contrôle...
Jacques a dit
28%
No Stress 4 En détente quand tu m'appelles Bébé, no stress, no stress Même dans mes rêves... Ta voix m'apaise
26%
Daddy 1 Tu m'as fait du mal, il fallait juste te rattraperMais le temps est écoulé Là, y a un... Bémol
25%
SMS 2 De nier les faits, en vrai, j'suis dedansQuand j'entends ta voix, j'avoue, je fonds C'est peut-être ça... Le problème
22%
Cadeau 4 J'me fous d'tes commentaires, je sais que t'es faible Toi, t'aimes trop la chair, j'me méfie, mon cher Enlover, mon cœur il veut enlover, pas si vite... Ça a pas commencé
21%
Nirvana 2 T'es pas comme les autres, mashallah Tu penses à moi, c'est très bien J't'ai dans la peau... Mince alors
21%
Idiot 2 Il t'a fait du sale, il a tout bousillé Reprends goût à la vie sur un fond d'bachata Beauté africaine, on t'appelle... Mami Wata
15%
Sucette 2 Tout ce temps j'm'en foutais, j'faisais la bella J'reviens vers toi, tu m'dis qu'c'est trop tard J'suis plus pompelup, pompelup, on dirait... Un flop
13%
Oumou Sangaré 3 Tu me parlais sous conso, ouais Je connais tes défauts, eh Moi j'ai l'art et la manière de faire... Chavirer les autres
12%
Dis-moi 5 Je le constate, je dormais avec le diable Tu te rends compte que maintenant, j'ai trop d'aura Je n'ai pas... La langue dans ma bouche
12%
42 2 J'ai compris, tu t'prends pour mon père Avec toi, c'est l'monde à l'envers Si j'dis les choses, le... Monsieur fâché
11%
T’as peur 1 Normal qu'on vienne me chercher Ah bébé je vaux cher, cher Non il faut pas tout... Gâcher
9%
Bobo 3 J'veux de l'air avec toi je m'emmêle Alors de quoi j'me mêle? Tu fous la merde, non, y a... Pas de remède
8%
Problèmes 3 Tu chauffes ma tête quand les problèmes arrivent Tellement de sons, trop de questions Tellement de sons... Trop de pulsions
7%
Aucun quiz correspondant
Distribution des résultats
% des personnes avec chaque résultat
Percentile par nombre de réponses
Votre historique - résultats
Vous n’avez pas pris ce quiz